LEADER 01120nam0 2200277 450 001 000003734 005 20050630120000.0 010 $a88-495-0187-0 100 $a--------d2001----km-y0itay50------ba 101 $aita 102 $aIT 200 1 $aProfili evolutivi del diritto dello sport$e[atti del Convegno, Camerino, 10 dicembre 1999]$f[scritti di Giulio Napolitano, Massimo Moccia... et al.] 210 $aNapoli$cESI$d2001 215 $a129 p.$d24 cm 225 2 $aLezioni della Scuola di specializzazione in diritto civile, Università degli studi di Camerino$v18 300 $aAtti del Convegno "Profili del diritto dello sport", Camerino 1999 410 0$12001$aLezioni della Scuola di specializzazione in diritto civile, Università degli studi di Camerino 610 1 $aSport$aDiritto$aEvoluzione 676 $a344.45099 701 1$aNapolitano,$bGiulio$0262796 701 1$aMoccia,$bMassimo$0630178 801 0$aIT $bUNIPARTHENOPE $gRICA $2UNIMARC 912 $a000003734 951 $cNAVA1$a344-P/6$b35186$d20020325 996 $aProfili evolutivi del diritto dello sport$91223636 997 $aUNIPARTHENOPE LEADER 01016nam0 2200289 450 001 000029401 005 20130311184632.0 010 $a978-88-204-0869-5 100 $a20130311d2012----km-y0itay50------ba 101 0 $aita 102 $aIT 105 $aa-------001yy 200 1 $aStrategie di lunga vita d'impresa$eaziende familiari centenarie tra innovazione e tradizione$fLeonardo Buzzavo, Giorgio Gatto 210 $aMilano$cFranco Angeli$dc2012 215 $a142 p.$cill.$d23 cm 225 2 $aEconomia e management$v79 410 0$12001$aEconomia e management 500 10$aStrategie di lunga vita d'impresa...$m<$941054 610 1 $aAziende familiari$aGestione$aItalia 676 $a338.6420945$v22$9Piccola impresa. Italia 700 1$aBuzzavo,$bLeonardo$0328841 701 1$aGatto,$bGiorgio$0520905 801 0$aIT$bUNIPARTHENOPE$c20130311$gRICA$2UNIMARC 912 $a000029401 951 $a338-S/51$b44512$cNAVA1$d2013 996 $aStrategie di lunga vita d'impresa..$941054 997 $aUNIPARTHENOPE